000 00903nam a22002537a 4500
005 20170124105929.0
010 _aA-709677
020 _a8170223393
_c00.00
035 _aA-709677
037 _bCen Lib/Ret
040 _aDPL
_bEN
082 _a305.56
_bAGR
100 _aAgrawal S. P.
_97718
245 _aEducational and social uplift of bakward classes :
_cby S.P. Agrawal [and] J.C. Agrawal
_bat what cost and how? /
260 _aNew Delhi
_bConcept Publishing
_c1991
270 _aA/15-16, Commercial Block, Mohan Garden
_bNew Delhi
_e110059
300 _a288p.
_c22cm(Hb)
490 _aConcepts in communication information and librarianship ; 26
500 _aIncludes bibliographical references and index
650 _aHistorical survey-Backward classes
_97719
650 _aGovernment policy
_97720
700 _aAgrawal, J.C.
_97721
942 _2ddc
_cEN
_h305.56
_mAGR
999 _c123696
_d123696